00568nam a2200205 a 4500001001300000003000900013005001700022008004100039020001000080082001800090100001800108245008000126260003900206300000900245500003500254505001000289650002700299650001800326700001800344nice12345678IN_TiNIC20260116012840.0050524s1982 dela grp 000 0 eng  ac12000a954.0356bMAH aMahajan, Sneh aImperialist Strategy and Moderate Politics, Indian Legislature at Work 1909 aDelhibChanakya Publicationsc1982 a316p aincludes index and biblioraphy2 aIndex aBritish-India Politics aIndia-History1 aMahajan, Sneh